Städte nach Vororten - Statistiken

Allgemein
  • Dieses Quiz wurde 168 mal gespielt
  • Das Durchschnittsergebnis liegt bei 13 aus 20
Antwortstatistiken
Vororte Stadt % Korrekt
Saint-Denis, Versailles, Argenteuil Paris
99%
Yokohama, Kawasaki, Chiba Tokio
98%
Long Beach, Anaheim, Beverly Hills Los Angeles
96%
Jersey City, Newark, Edison New York
88%
Slough, Watford, Dartford London
86%
Haarlem, Zaandam, Aalsmeer Amsterdam
83%
Piräus, Acharnes, Peristeri Athen
83%
Klosterneuburg, Schwechat, Mödling Wien
80%
Getafe, Mostoles, Alcobendas Madrid
79%
Tlalnepantla, Texoco de Mora, Nezahualcóyotl Mexiko-Stadt
76%
Monza, Busto Arsizio, Rho Mailand
67%
Espoo, Vantaa, Kerava Helsinki
63%
Dübendorf, Dietikon, Kloten Zürich
57%
Podolsk, Chimki, Ljuberzy Moskau
49%
Duque de Caxias, Nova Iguaçu, Niterói Rio de Janeiro
47%
Huddinge, Sollentuna, Täby Stockholm
47%
Quezon City, Pasay City, Valenzuela City Manila
35%
Mississauga, Oshawa, Brampton Toronto
30%
Thane, Bhilwara, Ulhasnagar Mumbai
27%
Bekasi, Tangerang, Bogor Jakarta
26%
Keine übereinstimmenden Quizze gefunden
Verteilung der Resultate
Anzahl Personen mit jedem Resultat
Perzentil nach korrekt beantworteten Fragen
Ihre Resultats-Entwicklung
Sie haben dieses Quiz noch nicht gespielt